| 000 | 005720000a22001810004500 | ||
|---|---|---|---|
| 003 | MACL | ||
| 005 | 20160420122531.0 | ||
| 008 | 160420b xxu||||| |||| 00| 0 eng d | ||
| 040 |
_aMACL _cMACL |
||
| 041 | _aHindi | ||
| 082 | _a100 | ||
| 100 |
_aडॉ भदंत आनंद कौसल्यायन _952805 |
||
| 245 | _aमनुस्मृति जलाई गई क्यों | ||
| 260 |
_bगौतम बुक सेन्टर _c2005 _aदिल्ली |
||
| 350 | _a100 | ||
| 650 |
_aPhilosophy _952806 |
||
| 942 |
_cHIN _k100 _2ddc |
||
| 999 |
_c11643 _d11643 |
||